<?xml version="1.0" encoding="UTF-8"?>
<marc:record xmlns:marc="http://www.loc.gov/MARC21/slim">
   <marc:leader>00000nam a2200000 a 4500</marc:leader>
   <marc:datafield ind1="1" ind2=" " tag="100">
      <marc:subfield code="a">Leon, Donna</marc:subfield>
      <marc:subfield code="4">aut</marc:subfield>
      <marc:subfield code="e">Verfasser/-in</marc:subfield>
   </marc:datafield>
   <marc:datafield ind1=" " ind2=" " tag="653">
      <marc:subfield code="a">Krimi</marc:subfield>
   </marc:datafield>
   <marc:datafield ind1=" " ind2=" " tag="653">
      <marc:subfield code="a">Kriminalroman</marc:subfield>
   </marc:datafield>
   <marc:datafield ind1=" " ind2=" " tag="653">
      <marc:subfield code="a">Venedig</marc:subfield>
   </marc:datafield>
   <marc:datafield ind1=" " ind2=" " tag="653">
      <marc:subfield code="a">Jugendliche</marc:subfield>
   </marc:datafield>
   <marc:datafield ind1="0" ind2="0" tag="245">
      <marc:subfield code="a">Feuerprobe</marc:subfield>
   </marc:datafield>
   <marc:datafield ind1="0" ind2="0" tag="245">
      <marc:subfield code="b">Commissario Brunettis dreiunddreißigster Fall ; Roman</marc:subfield>
   </marc:datafield>
   <marc:datafield ind1=" " ind2="1" tag="264">
      <marc:subfield code="b">Diogenes Verlag AG</marc:subfield>
      <marc:subfield code="c">2024</marc:subfield>
   </marc:datafield>
   <marc:datafield ind1="1" ind2=" " tag="520">
      <marc:subfield code="a">Klappentext:  Scherben auf der Piazza San Marco. Zwei Kinderbanden sind aneinandergeraten, mitten in der Nacht. Während Commissario Griffoni mit weiblichem Gespür herauszubekommen versucht, wie ein Teenager in den Sog eines Flashmobs geraten konnte, nutzt Brunetti seine eigenen Connections. Ja sogar Vice-Questore Patta ist zu allem bereit, um sich und seine Leute vor Vorkommnissen zu schützen, die zumal in einer Touristenstadt wie Venedig nicht willkommen sind.  Biografie Auf Donna Leon können sich die Leser verlassen: Jedes Jahr beschert sie ihnen einen neuen Brunetti-Krimi. Der Commissario ermittelt in sämtlichen Gassen und allen Bevölkerungsschichten Venedigs. Er kämpft gegen den Filz in den Behörden, korrupte Beamte und Verbrecher. Die Autorin lässt ihn bei seiner Familie und gutem Essen immer wieder Kraft tanken. Leon wurde 1942 in New Jersey geboren. Sie verließ Amerika 1965, studierte in Italien und reiste anschließend als Reiseleiterin, Werbetexterin und Lehrerin durch die halbe Welt. Seit 1981 ist Venedig ihr fester Wohnsitz. Seit dem ersten Brunetti-Buch äVenezianisches Finaleô entsteht hier jedes Jahr ein neuer Roman.</marc:subfield>
   </marc:datafield>
   <marc:datafield ind1=" " ind2=" " tag="020">
      <marc:subfield code="a">9783257072839</marc:subfield>
      <marc:subfield code="9">9783257072839</marc:subfield>
   </marc:datafield>
</marc:record>
